00658nam a22001937a 450000500170000001000120001702000270002903700430005608200080009910000250010724500940013226000560022627000660028230000200034870000250036870000300039394200220042399900190044520260228163156.0 aBACEN26 a9789382256766c1795.00 bVariety Books Publisher's Distributors a658 aMishra, Pavan987877 aManagement: Principles & Practice/cby Pavan Mishra, Payal Sharma [and] Mukesh Chansoriya aDelhibVariety Books Publisher's Distributorsc2026 b4759 Ist floor, 23 ansari road, daryaganj,enew delhia110002 a368p.c24cm(HB) aSharma, payal987547 aChansoriya, mukesh987548 2ddccENh658mMIS c215032d215032